| 000 | 00730nam a2200241 a 4500 | ||
|---|---|---|---|
| 001 | BRCA_6593 | ||
| 005 | 20190320205521.0 | ||
| 008 | 021011s1966----u--a######---#000-0#eng-# | ||
| 041 | _aeng | ||
| 044 | _au | ||
| 050 | 4 |
_aND195 _b.C65 2 1966 |
|
| 100 | 1 |
_aRobbins, Daniel. _916457 |
|
| 245 | 1 | 0 |
_aPainting Between the Wars _b1918-1940 _cby Daniel Robbins |
| 260 |
_aE. U. A. _bMcGraw-Hill _cc1966 |
||
| 300 |
_a47 p. _bil. _c25 cm. _e24 diapositivas. |
||
| 440 | 0 |
_aColor Slide Program of the World´s Art _v2 _916458 |
|
| 500 | _aDonación Dra. Elsa Barberena | ||
| 650 | 1 | 4 |
_aPintura moderna _xHistoria _ySiglo XX _916459 |
| 650 | 1 | 4 |
_aPintores _92497 |
| 650 | 1 | 4 |
_aPintura _xDiapositivas _916460 |
| 902 | _aDEB | ||
| 942 |
_2lcc _cB |
||
| 999 |
_c6277 _d6277 |
||